Revision of the rates of old Hougal taluka and the old tadas mahal of the Hubli taluka (Record no. 517343)

MARC details
000 -LEADER
fixed length control field 00773nam a2200241Ia 4500
003 - CONTROL NUMBER IDENTIFIER
control field OSt
005 - DATE AND TIME OF LATEST TRANSACTION
control field 20220925191129.0
008 - FIXED-LENGTH DATA ELEMENTS--GENERAL INFORMATION
fixed length control field 220923b |||||||| |||| 00| 0 eng d
037 ## - SOURCE OF ACQUISITION
Terms of availability General Book
040 ## - CATALOGING SOURCE
Original cataloging agency RTL
Transcribing agency RTL
Language of cataloging eng
041 ## - LANGUAGE CODE
Source of code eng
Language code of text/sound track or separate title eng
110 ## - MAIN ENTRY--CORPORATE NAME
Corporate name or jurisdiction name as entry element BOMBAY (Govt. of-)
245 #0 - TITLE STATEMENT
Title Revision of the rates of old Hougal taluka and the old tadas mahal of the Hubli taluka
Remainder of title papers
260 ## - PUBLICATION, DISTRIBUTION, ETC.
Place of publication, distribution, etc. Bombay
Name of publisher, distributor, etc. Dharwar Collectorate
Date of publication, distribution, etc. 1881
300 ## - PHYSICAL DESCRIPTION
Extent viii, 230p
Dimensions cm.
490 ## - SERIES STATEMENT
Series statement Selection from the records of the Bombay govt. ClVI- new Series
700 ## - ADDED ENTRY--PERSONAL NAME
Personal name BOMBAY (Govt. of-)
942 ## - ADDED ENTRY ELEMENTS (KOHA)
Classification part X73.23521.M8r, B1
Koha item type General Books
Source of classification or shelving scheme Colon Classification (CC)

No items available.

Copyright @ Delhi University Library System